Statistics for Complete the Geography Sequence Puzzle

Click here to take the quiz!

General Stats

  • This quiz has been taken 408 times
  • The average score is 5 of 10

Answer Stats

1st2nd3rdSequenceSequence4th% Correct
LondonEdinburghCardiffLondon, Edinburgh, Cardiff, BelfastUK Country Capitals (large to small)Belfast
86%
ChinaIndiaUnited StatesChina, India, United States, IndonesiaMost Populous Countries (reverse)Indonesia
69%
AlaskaTexasCaliforniaAlaska, Texas, California, MontanaLargest States (reverse)Montana
69%
PacificMountainCentralPacific, Mountain, Central, EasternUS Mainland Time Zones (west to east)Eastern
62%
AfghanistanAlbaniaAlgeriaAfghanistan, Albania, Algeria, AndorraFirst Countries AlphabeticallyAndorra
58%
MadagascarBorneoNew GuineaMadagascar, Borneo, New Guinea, GreenlandLargest IslandsGreenland
58%
SearsPetronasTaipei 101Sears, Petronas, Taipei 101, KhalifaLast 4 Tallest BuildingsKhalifa
58%
JakartaShanghaiTokyoJakarta, Shanghai, Tokyo, GuangzhouBiggest CitiesGuangzhou
43%
MontenegroSerbiaKosovoMontenegro, Serbia, Kosovo, South SudanNewest CountriesSouth Sudan
18%
ChicagoDubaiBeijingChicago, Dubai, Beijing, AtlantaCities with Busiest AirportsAtlanta
17%

Score Distribution

Percentile by Number Answered

Percent of People with Each Score

Your Score History

You have not taken this quiz